00903nam a22002415a 4500999001700000005001700017008004100034020001800075040002800093082002100121100001900142245011400161260006800275300002800343504004100371650003700412650003000449650002900479651001000508653001500518942000800533952012000541 c26834d2680620180806114339.0180806t2011 ne a frb 000 0 eng d a9789077812334 aEG-ScBUEbengcEG-ScBUE04a370.152bBES2221 aBest, Kathryn.10aWhat can design bring to strategy? :bdesigning thinking as a tool for innovation and change /cKathryn Best. aRotterdam :bInholland University of Applied Sciences,cc.2011. a44 p. :bill. ;c24 cm. aIncludes bibliographical references. 7a Creative thinking.2BUEsh97850 7aCritical thinking.2BUEsh 7aBusiness planning2BUEsh 2BUEsh cAugust2018 2ddc 00102ddc40708unknownaMAINbMAINc1STd2018-08-06ePurchasel0o370.152 BESp000043482r2025-07-15 00:00:00yBB